000
00281nam a2200121Ia 4500
008
190216s9999||||xx |||||||||||||| ||und||
100
_a
Bhatia B M
245
0
_a
Indias Deeping Economic Crisis
260
_b
S Chand & Co
_c
1974
300
_a
215p
650
_a
Economics
942
_c
BK
999
_c
9429
_d
9429